Catálogo
 En Linea

How to write a report your boss will read and remember / (Registro nro. 15350)

Detalles MARC
000 -CABECERA
campo de control de longitud fija 00694cam a2200217 a 4500
001 - NÚMERO DE CONTROL
campo de control 000015804
005 - FECHA Y HORA DE LA ÚLTIMA TRANSACCIÓN
campo de control 20200929164147.0
008 - DATOS DE LONGITUD FIJA--INFORMACIÓN GENERAL
campo de control de longitud fija 850207s1984 ilua b 001 0 eng
020 ## - NÚMERO INTERNACIONAL ESTÁNDAR DEL LIBRO
Número Internacional Estándar del Libro 0870944959
040 ## - FUENTE DE LA CATALOGACIÓN
Centro catalogador/agencia de origen DO-SdBNP
Lengua de catalogación eng
Centro/agencia transcriptor LC
Centro/agencia modificador BNGR
050 00 - SIGNATURA TOPOGRÁFICA DE LA BIBLIOTECA DEL CONGRESO
Número de clasificación HF5719
Número de documento/Ítem .L444 1984
082 ## - NÚMERO DE LA CLASIFICACIÓN DECIMAL DEWEY
Número de clasificación nn*
Número de documento/Ítem L629h
049 ## - FONDOS LOCALES (OCLC)
Fondos de biblioteca BNGR
100 1# - ENTRADA PRINCIPAL--NOMBRE DE PERSONA
Nombre de persona Lesikar, Raymond Vincent.
9 (RLIN) 35561
245 10 - MENCIÓN DE TÍTULO
Título How to write a report your boss will read and remember /
Mención de responsabilidad, etc. Raymond V. Lesikar.
260 ## - PUBLICACIÓN, DISTRIBUCIÓN, ETC.
Lugar de publicación, distribución, etc. Homewood, Illinois :
Nombre del editor, distribuidor, etc. Dow Jones-Irwin,
Fecha de publicación, distribución, etc. 1984.
300 ## - DESCRIPCIÓN FÍSICA
Extensión ix, 223 p. :
Otras características físicas il. ;
Dimensiones 24 cm.
504 ## - NOTA DE BIBLIOGRAFÍA, ETC.
Nota de bibliografía, etc. Bibliografía: p. 219-220.
650 #0 - PUNTO DE ACCESO ADICIONAL DE MATERIA--TÉRMINO DE MATERIA
Término de materia o nombre geográfico como elemento de entrada Business report writing.
9 (RLIN) 35562
910 ## - DATOS DE OPCIÓN DEL USUARIO (OCLC)
Datos de opción del usuario Catalogación por copia / LC
Existencias
Estado de retiro Estado de pérdida Restricciones de uso No para préstamo Código de colección Localización permanente Ubicación/localización actual Ubicación en estantería Fecha de adquisición Número de inventario Total de préstamos Signatura topográfica completa Código de barras Fecha visto por última vez Precio válido a partir de Tipo de ítem Koha
    Préstamo interno   Monografías: Libros y Folletos General General En catalogación 18.02.2010 LF1   nn* L629h 15804-10 25.06.2020 25.06.2020 Préstamo interno

Con tecnología Koha